| 000 | 00858nam a2200253 i 4500 | ||
|---|---|---|---|
| 001 | bg | ||
| 245 | 0 |
_aZbiorowe stosunki pracy w procesie przemian : _bpraca zbiorowa / _cpod red. Hansa Moerela ; [przekł. z ang. Anna Buchner-Jezierska, Jolanta Kulpińska]. |
|
| 246 |
_iTyt. oryg.: _aLabour relations in transition |
||
| 260 |
_aWarszawa : _bWydaw. IFiS PAN, _c1995. |
||
| 300 |
_a366 s. ; _c24 cm. |
||
| 500 | _aOryg. "Labour relations in transition". | ||
| 504 | _aBibliogr. s. 364-366. | ||
| 650 | 9 |
_aPraca _xzagadnienia _zEuropa |
|
| 650 | 9 |
_aPraca _xsocjologia _xzagadnienia |
|
| 700 | 1 |
_aMOEREL, Hans. _eRed. |
|
| 700 | 1 |
_aBUCHNER-JEZIERSKA, Anna. _eTł. |
|
| 020 | _a8386166134 | ||
| 040 | _cBPK | ||
| 041 | 1 |
_apl _hen |
|
| 080 | _a331.1:316.334.2](4) | ||
| 920 | _a83-86166-13-4 | ||
| 942 | _cKS | ||
| 008 | s pl f |000 0 pol | ||
| 999 |
_c30932 _d30932 |
||
| 856 |
_uhttp://koha.tu.koszalin.pl/cgi-bin/koha/opac-detail.pl?biblionumber=30932 _yKatalog online BPK |
||